|
|
|
|
| LEADER |
00915nab a2200241 i 4500 |
| 001 |
publ7538 |
| 005 |
20190923161621.0 |
| 008 |
160801s2011 hu o 0|| zxx d |
| 022 |
|
|
|a 1476-511X
|
| 024 |
7 |
|
|a 10.1186/1476-511X-10-173
|2 doi
|
| 024 |
7 |
|
|a 1921844
|2 mtmt
|
| 040 |
|
|
|a SZTE Publicatio Repozitórium
|b hun
|
| 041 |
|
|
|a zxx
|
| 100 |
1 |
|
|a Faragó Nóra
|
| 245 |
1 |
0 |
|a MicroRNA profile of polyunsaturated fatty acid treated glioma cells reveal apoptosis-specific expression changes
|h [elektronikus dokumentum] /
|c Faragó Nóra
|
| 260 |
|
|
|c 2011
|
| 300 |
|
|
|a Terjedelem: 8 p.-Azonosító: 173
|
| 490 |
0 |
|
|a Lipids in health and disease
|v 10: Paper AR: 173. (2011)
|
| 700 |
0 |
1 |
|a Fehér Z. Liliána
|e aut
|
| 700 |
0 |
1 |
|a Kitajka Klára
|e aut
|
| 700 |
0 |
1 |
|a Das Undurti N.
|e aut
|
| 700 |
0 |
1 |
|a Puskás László G.
|e aut
|
| 856 |
4 |
0 |
|u http://publicatio.bibl.u-szeged.hu/7538/2/Doi_10.1186_1476-511X-10-173.pdf
|z Dokumentum-elérés
|